Cinema's top human villains. - Statistics

General Stats
  • This quiz has been taken 40 times
  • The average score is 12 of 43
Answer Stats
Movie Actor Character % Correct
The Dark Knight (2008) Heath Ledger Joker
82%
The Silence of the Lambs (1991) Anthony Hopkins Hannibal Lecter
71%
Halloween (1978) Nick Castle Michael Myers
68%
American Psycho (2000) Christian Bale Patrick Bateman
65%
Scarface (1983) Al Pacino Tony Montana
62%
Psycho (1960) Anthony Perkins Norman Bates
59%
Saw (2004) Tobin Bell Jigsaw
56%
Texas Chainsaw Massacre (1974) Gunnar Hansen Leatherface
56%
The Shining (1980) Jack Nicholson Jack Torrance
50%
One Flew Over the Cuckoo's Nest (1975) Louise Fletcher Nurse Ratched
44%
No Country for Old Men (2007) Javier Bardem Anton Chigurh
41%
Seven (1995) Kevin Spacey John Doe
38%
Die Hard (1988) Alan Rickman Hans Gruber
35%
A Clockwork Orange (1971) Malcolm McDowell Alex DeLarge
32%
Apocalypse Now (1979) Marlon Brando Colonel Kurtz
32%
Reservoir Dogs (1992) Michael Madsen Mr Blonde
29%
Misery (1990) Kathy Bates Annie Wilkes
26%
Gangs of New York (2002) Daniel Day Lewis Bill The Butcher
26%
Aguirre, The Wrath of God (1972) Klaus Kinski Don Lope de Aguirre
21%
Monster (2003) Charlize Theron Aileen Wuornos
18%
Pan's Labyrinth (2006) Sergi Lopez Captain Vidal
18%
Cape Fear (1991) Robert De Niro Max Cady
18%
Death Proof (2007) Kurt Russell Stuntman Mike
18%
Training Day (2001) Denzel Washington Alonzo Harris
15%
Blue Velvet (1986) Dennis Hopper Frank Booth
15%
Fargo (1996) Peter Stormare Gaear Grimsrud
12%
The Third Man (1949) Orson Welles Harry Lime
12%
The Wicker Man (1973) Christopher Lee Lord Summerisle
12%
Primal Fear (1996) Edward Norton Aaron
9%
Fatal Attraction (1987) Glenn Close Alex Forrest
9%
Whatever Happened to Baby Jane (1962) Bette Davis Baby Jane Hudson
9%
Robocop (1987) Kurtwood Smith Clarence Boddicker
9%
Sexy Beast (2000) Ben Kingsley Don Logan
9%
Marathon Man (1976) Laurence Olivier Dr Christian Szell
9%
True Romance (1993) Gary Oldman Drexl Spivey
9%
Night of the Hunter (1955) Robert Mitchum Harry Powell
9%
Casino (1995) Joe Pesci Nicky Santoro
9%
Funny Games (1997) Arno Frisch Paul
9%
The Wire (2002-2008) Felicia Pearson Snoop
9%
Apocalypto (2006) Raoul Trujillo Zero Wolf
9%
The Hitcher (1986) Rutger Hauer John Ryder
6%
Badlands (1973) Martin Sheen Kit
6%
Nil by Mouth (1997) Ray Winstone Ray
6%
No matching quizzes found
Score Distribution
Percent of People with Each Score
Percentile by Number Answered
Your Score History
You have not taken this quiz